Nobel prize for physics / (Record no. 193409)

MARC details
000 -LEADER
fixed length control field 00593nam a22001817a 4500
005 - DATE AND TIME OF LATEST TRANSACTION
control field 20221028112621.0
010 ## - LCCN (DPL NO)
LC control number ENG-135569
020 ## - INTERNATIONAL STANDARD BOOK NUMBER
International Standard Book Number 9789353513672
Terms of availability 310.00
035 ## - SYSTEM CONTROL NUMBER
System control number EN-119101
037 ## - SOURCE OF ACQUISITION
Source of stock number/acquisition DBAD/PUB
082 ## - DEWEY DECIMAL CLASSIFICATION NUMBER
Classification number 920
100 ## - MAIN ENTRY--PERSONAL NAME
Personal name Sarkar, Dilip Kumar
245 ## - TITLE STATEMENT
Title Nobel prize for physics /
Statement of responsibility, etc by Dilip Kumar Sarkar
260 ## - PUBLICATION, DISTRIBUTION, ETC. (IMPRINT)
Place of publication, distribution, etc Kolkata
Name of publisher, distributor, etc Dilip Kumar Sarkar
Date of publication, distribution, etc 2019
270 ## - ADDRESS
Address C-4/2 "Triparna" 39A , Gobinda Auddy Road Chetla
City Kolkata
Postal code 700027
Telephone number 033-24795663
Electronic mail address dilipsar@gmail.com
300 ## - PHYSICAL DESCRIPTION
Extent 194p.
Dimensions 22cm(pbk)
Other physical details Bibliography
942 ## - ADDED ENTRY ELEMENTS (KOHA)
Source of classification or shelving scheme Dewey Decimal Classification
Item type English Books
Call number suffix SAR
Classification part 920
Holdings
Withdrawn status Lost status Not for loan Collection code Home library Current library Date acquired Source of acquisition Cost, normal purchase price Full call number Barcode Copy number Cost, replacement price Koha item type
      Non-fiction R.C.Libraries (zls) R.C.Libraries (zls) 28/10/2022 DBAD/PUB 310.00 920 SAR EN-119101 1 310.00 English Books

© Delhi Public Library
Hit Counter
free hit counter